000 00719nam a2200229 a 4500
001 22750
003 CO-ViMGA
008 141112s2004 ck r 000 u spa d
020 _a9789587111002
040 _aCO-ViMGA
_bspa
_cCO-ViMGA
082 0 4 _a345.02 C171g
100 1 _aCarrara, Francisco
_932471
245 1 0 _aEl grado en la fuerza fĂ­sica del delito :
_bTentativa y complicidad
260 _aColombia :
_bLeyer
300 _a216p.
505 _aLa tentativa o conato, La complicidad, Apendice
650 1 4 _aDERECHO PENAL - COMPLICES
_932472
650 1 4 _aDERECHO PENAL - DELITOS
_932473
650 1 4 _aFILOSOSFIA DEL DERECHO PENAL
_932474
650 1 4 _aTENTATIVA ( DERECHO PENAL)
_932475
942 _2ddc
_cBK
999 _c31048
_d31048